|
|
|
|
| LEADER |
01882nam a2200361 a 4500 |
| 001 |
4962734 |
| 008 |
100517r20031998njua b 001 0 eng d |
| 010 |
|
|
|a 97023782
|
| 020 |
|
|
|a 8120323076
|
| 020 |
|
|
|a 0135184738
|
| 040 |
|
|
|a DLC
|c DLC
|d DLC
|d DB-DhAAL
|
| 082 |
0 |
0 |
|a 621.382/23
|2 21
|
| 100 |
1 |
|
|a Soliman, Samir S.,
|d 1951-
|
| 245 |
1 |
0 |
|a Continuous and discrete signals and systems /
|c Samir S. Soliman, Mandyam D. Srinath.
|
| 250 |
|
|
|a 2nd ed.
|
| 260 |
|
|
|a Upper Saddle River, NJ ;
|a New Delhi :
|b Prentice Hall,
|c c1998.[reprinted 2003]
|
| 300 |
|
|
|a xvii, 525 p. :
|b ill. ;
|c 25 cm.
|
| 490 |
1 |
|
|a Prentice Hall information and system sciences series
|
| 504 |
|
|
|a Includes bibliographical references (p. 519-520) and index.
|
| 541 |
1 |
|
|e 00016055
|
| 650 |
|
0 |
|a Signal theory (Telecommunication)
|
| 650 |
|
0 |
|a Signal processing
|x Mathematics.
|
| 650 |
|
0 |
|a Transformations (Mathematics)
|
| 650 |
|
0 |
|a System analysis.
|
| 700 |
1 |
|
|a Srinath, Mandyam D.
|q (Mandyam Dhati),
|d 1935-
|
| 830 |
0 |
|
|a Prentice-Hall information and system sciences series
|
| 852 |
4 |
|
|a Ayesha Abed Library
|j General Shelf.
|
| 942 |
0 |
0 |
|0 5
|
| 999 |
|
|
|c 8634
|d 8634
|
| 952 |
|
|
|0 0
|1 0
|2 ddc
|4 1
|6 621_382000000000000_23_SOL_2003
|7 0
|9 10302
|a BRACUL
|b BRACUL
|c SPS
|d 2010-05-18
|l 44
|m 308
|o 621.38223 SOL
|p 3010016055
|r 2020-02-04
|s 2019-06-30
|t 1
|w 2010-05-18
|y BK
|
| 952 |
|
|
|0 0
|1 0
|2 ddc
|4 0
|6 621_382230000000000_SOL
|7 0
|9 12879
|a BRACUL
|b BRACUL
|c GEN
|d 2010-10-30
|g 120.00
|l 36
|m 251
|o 621.38223 SOL
|p 3010016058
|q 2026-05-12
|r 2025-10-30
|s 2025-10-30
|t 2
|w 2010-10-30
|y BK
|
| 952 |
|
|
|0 0
|1 0
|2 ddc
|4 0
|6 621_382230000000000_SOL_2003
|7 0
|9 12880
|a BRACUL
|b BRACUL
|c GEN
|d 2010-10-30
|l 41
|m 342
|o 621.38223 SOL
|p 3010016057
|r 2024-05-12
|s 2024-02-19
|t 3
|w 2010-10-30
|y BK
|
| 952 |
|
|
|0 0
|1 0
|2 ddc
|4 1
|6 621_382000000000000_23_SOL_2003
|7 0
|9 12881
|a BRACUL
|b BRACUL
|c SPS
|d 2010-10-30
|l 34
|m 305
|o 621.38223 SOL
|p 3010016059
|r 2019-12-23
|s 2019-09-23
|t 4
|w 2010-10-30
|y BK
|